00789nam a2200193 i 4500001000700000003000900007005001700016008004100033245005900074260004700133300002500180490006600205651004300271700004200314830007400356852002300430999001900453952012300472166328ES-MaACL20230906213317.0190919s1969 sp |||| | spa d00aHomenaje a don José María de la Peña y Cámara. aMadrid : bJosé Porrua Turanzas, c1969. aXII 288 p ; c26 cm.1 aColección Chimalistac. Serie José Porrúa Turanzas ; v3 4aAmérica española-xHistoria.977231 aPeña Cámara, José de la.9902541 aColección Chimalistac. Serie José Porrúa Turanzas ; v392217424 aES-MaACLjP-798-35 c166328d166328 00104070aATENEOMbATENEOMcDEPO2d2019-09-19eSCl0oP-798-35p1201116r2023-02-23 00:00:00w2023-02-23yMONOGRAFIA